|
|
|
|
| LEADER |
00000nam a2200000Ii 4500 |
| 001 |
DIGREVMGM0083 |
| 003 |
NyNyDIG |
| 006 |
m o d |
| 007 |
cr ||||||||||| |
| 008 |
240808s2024 sp ob 000 0 spa d |
| 035 |
|
|
|a (OCoLC)1452248156
|
| 040 |
|
|
|a DGITA
|b eng
|e rda
|e pn
|c DGITA
|
| 020 |
|
|
|a 9788429198171
|q pdf
|
| 020 |
|
|
|a 9788429198164
|q ePub
|
| 020 |
|
|
|z 9788410121010
|q papel
|
| 041 |
1 |
|
|a spa
|h eng
|
| 050 |
1 |
4 |
|a HF5549.5.C6 ebook
|
| 082 |
0 |
4 |
|a 658.3125
|2 23
|
| 130 |
0 |
|
|a Giving effective feedback.
|l Spanish
|s (Monrabà)
|
| 245 |
1 |
0 |
|a Cómo dar un feedback efectivo :
|b mantén la comunicación, gestiona las conversaciones difíciles, consigue los mejores resultados /
|c traducción, Genís Monrabà Bueno.
|
| 264 |
|
1 |
|a Barcelona :
|b Reverté Management (REM),
|c [2024]
|
| 300 |
|
|
|a 1 online resource.
|
| 336 |
|
|
|a text
|b txt
|2 rdacontent
|
| 337 |
|
|
|a computer
|b c
|2 rdamedia
|
| 338 |
|
|
|a online resource
|b cr
|2 rdacarrier
|
| 347 |
|
|
|a text file
|2 rdaft
|
| 347 |
|
|
|b PDF
|
| 347 |
|
|
|b EPUB
|
| 490 |
1 |
|
|a Serie Management en 20 minutos
|
| 504 |
|
|
|a Includes bibliographical references.
|
| 588 |
0 |
|
|a Online resource; title from PDF title page (Digitalia, viewed August 8, 2024)
|
| 650 |
|
0 |
|a Communication in personnel management.
|
| 650 |
|
0 |
|a Interpersonal communication.
|
| 650 |
|
0 |
|a Communication in management.
|
| 650 |
|
0 |
|a Supervision of employees.
|
| 650 |
|
0 |
|a Problem employees.
|
| 650 |
|
0 |
|a Feedback (Psychology)
|
| 700 |
1 |
|
|a Monrabà, Genís,
|e translator.
|
| 730 |
0 |
|
|i Translation of:
|a Giving effective feedback.
|
| 791 |
2 |
|
|a Digitalia (Firm),
|e distributor.
|
| 793 |
0 |
|
|g Digitalia eBook Collection:
|a Reverté Management
|
| 776 |
0 |
8 |
|i Print version:
|a Giving effective feedback. Spanish (Monrabà).
|t Cómo dar un feedback efectivo.
|d Barcelona : Reverté Management (REM), [2024]
|z 9788410121010
|
| 830 |
|
0 |
|a 20 minute manager series.
|
| 856 |
4 |
0 |
|3 Digitalia Hispánica
|u https://www.digitaliapublishing.com/a/157263/
|
| 910 |
|
|
|a Premium collection: 2024
|